| 000 | 00610nam a22001815i 4500 | ||
|---|---|---|---|
| 001 | 162090 | ||
| 003 | ES-MaACL | ||
| 005 | 20230906212426.0 | ||
| 008 | 960924m18591863fr |||| | fre d | ||
| 040 |
_aEUS _bspa _cEUS |
||
| 100 | 1 |
_aPictet, Adolphe. _9131137 |
|
| 245 | 1 | 0 |
_aLes Origines Indo-Européennes ou Aryas Primitifs _b: essai de palèontologie linguistique / _cpar Adolphe Pictet. |
| 260 |
_aParis : _bJöel Cherbuliez, _c1859 ( _eParis : _fTypographie de A. Moulin) |
||
| 300 |
_a2 v. ; _c28 cm. |
||
| 597 | _aSignaturizado. | ||
| 597 | _aAntep. | ||
| 852 |
_aES-MaACL _jG-6380-81 _z-- Enc. hol. |
||
| 999 |
_c162090 _d162090 |
||